000 00410nam a22001817a 4500
003 MPLRDC
005 20220104143745.0
008 210129b ||||| |||| 00| 0 eng d
020 _a7-80013-792-9
082 _a414 PHH
100 _a潘鸿鹄 著
245 _a中医药抗癌学
_c
250 _a一版一刷
260 _a
_b中医古籍
_c1998
300 _b
650 _a
942 _cBK
_o414 PHH
999 _c43042
_d43032